Most days spent in the Big Brother US house - Statistics

General Stats
  • This quiz has been taken 12 times
  • The average score is 19 of 25
Answer Stats
#Days Houseguest % Correct
182 Cody Calafiore
100%
254 Nicole Franzel
100%
191 Paul Abrahamian
100%
171 Christmas Abbott
90%
146 Dan Gheesling
90%
142 Danielle Reyes
90%
177 James Huling
90%
200 Janelle Pierzina
90%
153 Mike Boogie Malin
90%
115 Nicole Anthony
90%
176 Rachel Riley
90%
124 Da’Vonne Rogers
80%
140 Erika Landin
80%
116 Jeff Schroeder
80%
142 Jordan Lloyd
80%
147 Will Kirby
80%
194 Daniele Briones
70%
160 Enzo Palumbo
70%
143 Memphis Garrett
70%
164 Tyler Crispen
60%
139 George Boswell
50%
115 Howie Gordon
50%
119 Ian Terry
50%
131 Kevin Campbell
40%
115 Marcellas Reynolds
30%
No matching quizzes found
Score Distribution
Percent of People with Each Score
Percentile by Number Answered
Your Score History
You have not taken this quiz